00390nam a2200145Ia 4500020001700000082001600017100001500033245005500048260003500103300001000138504001900148650003500167650002700202700001500229 a012-044450-x a519.5 AFI-; aAzen, S.P. 0aStatistical analysis: a computer oriented approach aNew YorkbAcademic Pressc1972 a366p. aIncludes index aStatistics - Computer programs aMathematical statistic aAfifi, A.A